000 00452nam a22001817a 4500
003 MPLRDC
005 20220104124312.0
008 210129b ||||| |||| 00| 0 eng d
082 _a784.28 FLP
100 _a傅良圃、张剑鸣 译
245 _a文学史上的大骗子
_c
250 _a初版
260 _a
_b纯文学出版社
_c1969
300 _b
490 _a纯文学丛书. 19
650 _a法国传记
942 _cBK
_o784.28 FLP
999 _c18248
_d18238